Quizzes
Events
Quiz Creation
Community
Videos
Private Events
Remove Ads
Sign In
Join for FREE
Feedback
Dark Mode
Quiz Categories
Sports
Geography
Music
Movies
Television
Just For Fun
Miscellaneous
History
Literature
Language
Science
Gaming
Entertainment
Religion
Holiday
For Kids
Quiz Lab
Recent
Popular Today
Quiz Kudos Today
Editor Picks
Curator Picks
Quizzes by...
Day
Popularity
Type
Ratings
Length
Year
Community
Subscriptions
Recent Discussions
Orange Saloon
Badges
Playlists
Quests
Create
Leaderboards
Showdown
Live 5
Trivia Bingo
Activity
Puzzle Library
Sporcle Events
Private Events
Virtual Trivia
Globe League
Become a Host
Pub Owners
SporcleCon
Opinionation
Our Games
Videos
Blog
Mobile Apps
Partnerships
Remove Ads and Go Orange
Feedback
Language
Vocabulary
Begins and Ends
Definition
Spanish
French
German
Italian
Chinese
Latin
Translation
Japanese
Language
Vocabulary
Begins and Ends
Definition
Spanish
French
German
Italian
Chinese
Latin
Translation
Japanese
Random Quiz
Search Sporcle
×
Quiz Lab
Quiz Lab
Language
Clickable
Select answers by clicking on text or image buttons
Select answers by clicking on text or image buttons
Clickable
Best Score? Go Orange.
Word Rush: Synonyms Stats
Can you match the synonyms in under one minute?
By
CJT2670
60s
20 Questions
54 Plays
54 Plays
54 Plays
Comments
Comments
Give Quiz Kudos
Give Quiz Kudos
-
- Ratings
hide this ad
Forced Order
Answers have to be entered in order
Answers have to be entered in order
Replay
Link that replays current quiz
Next Quiz
Link to next quiz in quiz playlist
You Got
0%
They Got
Avg Score
73%
Avg Friend Score
Upgrade to see
Score Distribution
Jump to the score distribution portion of the page
Score
0/20
Timer
01:00
0
Plays Today
% Correct
beautiful
85.2%
ancient
83.3%
inquire
81.5%
gigantic
79.6%
speedy
77.8%
demolish
77.8%
youthful
77.8%
furious
74.1%
synonyms
74.1%
repugnant
74.1%
% Correct
perilous
72.2%
uninteresting
72.2%
topple
72.2%
tranquil
72.2%
ambulate
72.2%
peculiar
70.4%
indispensable
68.5%
diminutive
63%
satisfied
63%
unnerved
61.1%
Quiz Playlist
Details
Report
Send in Message
Add To Playlist
Clickable:
Select answers by clicking on text or image buttons
Forced Order:
Answers have to be entered in order
Last Updated: Feb 16, 2017
Quiz Scoreboard
CHALLENGE
Sign Up to Join the Scoreboard
Show All
Scores
Hide
Comments
May contain spoilers
Recently Published
College Basketball Coaching Resumes
by pancakes188
Sports
9m
Billboard Blitz: Fleetwood Mac
by CooCooCachoo
Music
15s
Presidents Visiting Landmarks
by Hejman
History
7m
More to Explore
Quiz From the Vault
Featured Blog Post
Where Did the Easter Bunny Come From?
hide this ad
You Might Also Like...
Tags
Clickable Quiz
minute
rush
Synonym
Under
Today's Top Quizzes in Language
Browse Language
hide this ad
Today's Top Quizzes in Clickable
Browse Clickable
Top Contributed Quizzes in Language
1
1-10 Letter F Words III
2
1-10 Letter G Words III
3
Alphabetize! : 'As' words
4
1-10 Letter H Words III
5
Order Up: Top 10 Most Native Spoken Languages
6
Celtic Nations in their Language
7
One Thing in Common: Italy
8
1-10 Letter I Words III
9
1-10 Letter J Words III
10
Weisst du, aus welchen Sprachen diese Wörter stammen?
Explore More
Trending Topics
Kpop
NBA
Crossword
Anime
Harry Potter
Marvel
Disney
NFL
Country
Puzzle
Song
WWE
Soccer
The Office
Pokémon
hide this ad
More By:
CJT2670
Quiz
Plays
Rating
Category
Featured
Created
Languages in Languages
55,061
4.63
Language
Oct 26, 2015
Quick Pick: Antonyms
9,899
4.57
Just For Fun
Nov 3, 2015
Similar Songs I
355
5.00
Music
Nov 11, 2015
Pictogram: Pict-o-what?
298
2.40
Just For Fun
Oct 27, 2015
Pictogram: What-tendo?
122
2.33
Just For Fun
Nov 4, 2015
Go to Creator's Profile
Score Distribution
Quiz Creator Spotlight
CJT2670
Follow
Send a Message
Quizzes Created
-
Created Quiz Play Count
-
More By This Creator
Popular Quizzes Today
1
Find the US States - No Outlines Minefield
2
Find the Countries of Europe - No Outlines Minefield
3
The Countries of the World
4
Find the US States
5
Risky Map Clicking: Biggest States A-Z
6
US States
7
Popular People in 1961
8
Movies - When Are They Set?
More Language Quizzes
Sign Language as Official Language
Published
Trending Quizzes
Risky Map Clicking: Least Populous States A-Z
1-10 Letter G Words
1-10 Letter F Words
Risky Map Clicking: Next State Alphabetically
Risky Map Clicking: Biggest States A-Z
Recently Updated
Leaping Animals
pecheneg
Reality TV Shows (A-Z)
bhenderson79
Rickey Henderson's Hall of Fame Teammates
pecheneg
Champions League XIs: Arsenal
pecheneg
Quick Pick: Celebrities in WWE's Hall of Fame
aduchscher
A-Z Keypad Blitz II
pecheneg
Multiple Oscar Actors
pecheneg
Mystery Phrase Blitz: Oscar 'Best Actors'
pecheneg
F. Scott Fitzgerald Novels
LTH
Pick 3 Villains
ddd62291
Trending Topics
Marvel
Disney
Anime
Crossword
Kpop
Harry Potter
NBA
Soccer
Pokémon
Song
Country
WWE
The Office
NFL
Puzzle
Your Account Isn't Verified!
In order to create a playlist on Sporcle, you need to verify the email address you used during registration. Go to your
Sporcle Settings
to finish the process.
Report this User
Report this user for behavior that violates our
Community Guidelines
.
Details:
Send Report
Go to the Sporcle.com Mobile Site →
Comments